Southville International School and Colleges

Species Plantarum, Sections VI-X (Record no. 259359)

000 -LEADER
fixed length control field 00715cam a22002413a 4500
001 - CONTROL NUMBER
control field 30104
003 - CONTROL NUMBER IDENTIFIER
control field PGUSA
005 - DATE AND TIME OF LATEST TRANSACTION
control field 20140828083641.0
008 - FIXED-LENGTH DATA ELEMENTS--GENERAL INFORMATION
fixed length control field 090927s2009||||xxu|||||s|||||000 | eng d
040 ## - CATALOGING SOURCE
Original cataloging agency PGUSA
Language of cataloging eng
042 ## - AUTHENTICATION CODE
Authentication code dc
050 #4 - LIBRARY OF CONGRESS CALL NUMBER
Classification number QK
100 1# - MAIN ENTRY--PERSONAL NAME
Personal name Linné, Carl von,
Dates associated with a name 1707-1778
245 10 - TITLE STATEMENT
Title Species Plantarum, Sections VI-X
Medium [electronic resource] /
Statement of responsibility, etc Carl von Linné
260 ## - PUBLICATION, DISTRIBUTION, ETC. (IMPRINT)
Name of publisher, distributor, etc Project Gutenberg,
Date of publication, distribution, etc 2009
506 ## - RESTRICTIONS ON ACCESS NOTE
Terms governing access Public domain in the USA.
516 ## - TYPE OF COMPUTER FILE OR DATA NOTE
Type of computer file or data note Electronic text
653 ## - INDEX TERM--UNCONTROLLED
Uncontrolled term Plants -- Classification -- Early works to 1800
653 ## - INDEX TERM--UNCONTROLLED
Uncontrolled term Plants -- Early works to 1800
830 #0 - SERIES ADDED ENTRY--UNIFORM TITLE
Uniform title Project Gutenberg
Volume number/sequential designation 30104
856 40 - ELECTRONIC LOCATION AND ACCESS
Uniform Resource Identifier http://www.gutenberg.org/ebooks/30104
942 ## - ADDED ENTRY ELEMENTS (KOHA)
Koha item type eBooks
Holdings
Date last seen Permanent Location Price effective from Koha item type Lost status Date acquired Withdrawn status Current Location Damaged status
2014-08-28Project Gutenberg2014-08-28eBooks 2014-08-28 Project Gutenberg 
Powered by Koha